01006nam a2200193 i 450000100060000000300090000600500170001500700030003200800410003511100790007624500930015526000600024830000200030850502710032871000440059985200310064399900170067495201210069120722ES-MaACL20230906152342.0t|021118s19681969sp ||||1| spa d2 aCongreso Internacional de Estudios Pirenaicos (n5º. d1966. cJaca)942810aActas del Quinto Congreso Internacional de Estudios Pirenaicos b: Jaca, Pamplona, 1966. aJaca : bInstituto de Estudios Pirenaicos, c1968-1969. a3 v. ; c24 cm.8 aT. I. Geología, Morfología y Geofísica -- T. III. Prehistoria, Antropología y Etnología. Geografía, Historia del Arte y Derecho. Filología y Linguística -- T. IV. Actas generales. Crónica. Coloquio sobre la vida y economía pirenaica. Conclusiones2 aInstituto de Estudios Pirenaicos.94922 aES-MaACLjP-1627 bR.69594 c20722d20722 00104070aATENEOMbATENEOMcDEPO2d2008-01-17eSCl0oP-1627p1021276r2023-02-23 00:00:00w2023-02-23yMONOGRAFIA